banner-ar

UN COMPENDIO DELL , ANTOLOGIA DI POETI ARABO - SICILIANI : INTITOLATA AD - DURRAH AL - HATIRAH MIN SU ARA' AL - GAZIRAH الدرة الخطيرة من شعراء الجزيرة / (Record no. 12419)

MARC details
000 -الفاتح
حقل البيانات ثابتة الطول 00603nam a2200169Ia 4500
008 - عناصر البيانات ثابتة الطول - معلومات عامة
حقل البيانات ثابتة الطول 140319s9999 xx 000 0 eng d
040 ## - مصدر الفهرسة
وكالة الفهرسة الأصلية GCL /
وكالة النسخ GCL
082 04 - رقم تصنيف ديوى العشرى
رقم التصنيف 892.7
رقم المادة V
100 1# - المدخل الرئيسى - إسم شخصى
الإسم الشخصى RIZZITANO, UMBERTO
245 10 - بيان العنوان
العنوان UN COMPENDIO DELL , ANTOLOGIA DI POETI ARABO - SICILIANI : INTITOLATA AD - DURRAH AL - HATIRAH MIN SU ARA' AL - GAZIRAH الدرة الخطيرة من شعراء الجزيرة /
بيان المسئوليه,etc RIZZITANO, UMBERTO
260 ## - PUBLICATION, DISTRIBUTION, ETC. (IMPRINT)
تاريخ النشر أو التوزيع 1958
300 ## - الوصف المادى
التعداد 336 - 378
650 04 - المدخل الاضافى بالموضوع-مصطلح موضوعى
مصطلح موضوعي LITERATURE
650 04 - المدخل الاضافى بالموضوع-مصطلح موضوعى
مصطلح موضوعي ARABIC POETRY
942 ## - عناصر المدخل الإضافي( كوها)
مصدر التصنيف او مخطط الترفيف Dewey Decimal Classification
Koha [default] item type كتاب
260 ## - PUBLICATION, DISTRIBUTION, ETC. (IMPRINT)
-- [S.N] :
-- ACCADEMIA NAZIONALE DEI LINCEI ،
Holdings
حالة التراجع حالة الفقد حالة تلف ليس للاعارة المكان المؤقت الموقع الحالى تاريخ الاكتساب اجمالي اﻻعارات رقم الطلب الباركود تاريخ اخر مشاهدة تاريخ تفعيل السعر نوع وعاء كوها
        مكتبة القاهرة الكبرى مكتبة القاهرة الكبرى 03/26/2014   892.7\V 24166 03/26/2014 03/26/2014 كتاب

Powered By

EGPV